000
00197 a2200097 4500
020
_a
9780836881165
041
_a
spa
100
_a
Nations, Susan
245
_a
Que tiempo hace? Hace Sol
942
_c
BK
999
_c
10071
_d
10071